000 00726nam a2200229Ia 4500
005 20250117103543.0
008 008 250103s9999 xx 000 0 eng d
020 _a9781032658209
037 _aReference Collections
040 _aCSL
_beng
_cCSL
041 _aeng
_2eng
084 _aY72:7:7 R3 RR
_qCSL
245 0 _aTribal development report
_cShah, Mihir (Ed.); Vijayshankar, P S (Ed.)
260 _aOxon
_bRoutledge
_c2023
300 _axviii, 317p. ill.
650 _a Tribal agriculture
_9733827
650 _aAnthropology
700 _a Vijayshankar, P S (Ed.)
_9733828
700 _aShah, Mihir (Ed.)
_9733829
942 _cREF
_hY72:7:7 R3 RR
999 _c1237711
_d1237711